Statistics for Events of 2018 by letter A-Z

Click here to take the quiz!

General Stats

  • This quiz has been taken 49 times
  • The average score is 15 of 26

Answer Stats

HintAnswer% Correct
DSaudi Arabia is the last country in the world to allow women to do thisdrive
95%
KThe last male northern white rhinoceros dies in this country Kenya
90%
A This public company is the first one to achieve a market capitalization of $1 trillionApple Inc.
86%
CThis country legalises cannabis for recreational useCanada
86%
FThis event held in Russia is won by FranceFIFA World Cup
86%
IHomosexuality is decriminalised by the Supreme Court of this countryIndia
83%
HThis English physicist and cosmologist who suffered from ALS dies on March 14Stephen Hawking
83%
BJair Bolsonaro, a far-right populist politician, wins the presidential elections in this countryBrazil
79%
VNicolás Maduro is reelected as president in this countryVenezuela
79%
RThis country seizes three Ukrainian ships in the Kerch StraitRussia
76%
UThis country extends its tariffs on many products, e.g. steel or aluminium, from the EU, China, Canada and MexicoUnited States
74%
ESwaziland changes its English name to the Kingdom of _______Eswatini
71%
JBrett Kavanaugh fights accusations of sexual assault as he is nominated for this positionAssociate {Justice}
69%
TJamal Khashoggi, a Saudi Arabian journalist and dissident, is murdered in this countryTurkey
69%
XThis Chinese leader is granted the status of "President for Life"Xi Jinping
69%
WNorway wins 39 medals in this event held in PyeongChangWinter Olympics
67%
PAt the Katowice Climate Change Conference, nearly 200 nations agree on rules to implement this 2015 agreement{Paris} Agreement
57%
LThis country becomes the 36th member of the OECDLithuania
52%
ZAfter 9 years in power, this politician resigns as President of South Africa Jacob Z{uma}
43%
YThis movement (in French gilets jaunes) leads mass protests and riots over taxes in FranceYellow vests
36%
NFormer Russian double agent Sergei Skripal and his daughter Yulia are poisoned in Salisbury by this nerve agentNovichok
26%
OThis Hungarian president's party wins the parliamentary elections with 2/3 majority and passes a lot of questionable laws, for example to "Stop Soros"Viktor {Orbán}
21%
GThis regulation aimed at data protection goes into effect in the EUGDPR
17%
SThe Nobel Prize in Literature is not rewarded because of thissexual scandal
10%
MOn March 24, these student-led demonstrations against gun violence march in over 900 citiesMarch for Our Lives
7%
QThis Vietnamese President dies while in officeTrần Đại Q{uang}
5%

Score Distribution

Percentile by Number Answered

Percent of People with Each Score

Your Score History

You have not taken this quiz